Q-2004 : technológie údržby ciest ; zborník zo 6. seminára s medzinárodnou účasťou, Žilina, Slovensko, 27. - 28 apríla 2004. 2. časť /

Gespeichert in:
Bibliographische Detailangaben
Körperschaften: Slovenská cestná spoločnosť (Bratislava, Slovensko) (UrheberIn), Q-2004
Weitere Verfasser: Schlosser, František 1949- (UrheberIn)
Format: Tagungsbericht Buch
Sprache:Slowakisch
Englisch
Deutsch
Veröffentlicht: Žilina : Žilinská univerzita v Žiline/EDIS-vydavateľstvo Žilinskej univerzity, 2004
Ausgabe:1. vyd.
Schlagworte:
ISBN:9788080702502
Online-Zugang: Volltext
Tags: Tag hinzufügen
Keine Tags, Fügen Sie den ersten Tag hinzu!

MARC

LEADER 00000nam a2200000 4500
003 SK-BrCVT
005 20220621175147.0
006 aado e 100 0
008 140926s2004 xo ado e 100 0slo#d
020 |a 9788080702502   |q (brož.) 
035 |a CVTIDW0049210 
040 |a CVTISR  |b slo  |c CVTISR  |e AACR2 
041 0 |a slo  |a eng  |a ger 
044 |a xo  |c SK 
080 |a 625.7  |2 2008 
110 2 |a Slovenská cestná spoločnosť (Bratislava, Slovensko)  |4 org 
245 1 0 |a Q-2004 :  |b technológie údržby ciest ; zborník zo 6. seminára s medzinárodnou účasťou, Žilina, Slovensko, 27. - 28 apríla 2004.  |n 2. časť /  |c Slovenská cestná spoločnosť ZSVTS ; Žilinská univerzita v Žiline ; [zostavovateľ: František Schlosser] 
246 1 2 |a Technológie údržby ciest 
250 |a 1. vyd. 
260 |a Žilina :  |b Žilinská univerzita v Žiline/EDIS-vydavateľstvo Žilinskej univerzity,  |c 2004 
300 |a S. 301 - 387 :  |b fotogr., grafy, lit., obr., tab. ;  |c 21 cm 
653 1 |a cesta 
653 1 |a vozovka 
655 7 |a zborníky  |2 SNKPH 
700 1 |a Schlosser, František  |d 1949-  |4 org 
710 2 |a Žilinská univerzita v Žiline (Žilina, Slovensko)  |4 oth  |b Inštitút Aurela Stodolu v Liptovskom Mikuláši (Liptovský Mikuláš, Slovensko) 
711 2 |a Q-2004  |d 27. - 28 apríla 2004 :  |c Žilina, Slovensko) 
852 |a CVTISR  |b 1 
910 |b V003116 
919 |a 978-80-8070-250-2 
959 |a 59 
974 |a maria.Geracsekova  |f Knihy 
992 |a AZN 
999 |c 231054  |d 231054